Hold dielu básnika

Bibliographic Details
Main Author: Apfel, Viliam, 1940-2024 (Author)
Format: Article
Language:Slovak
Subjects:

MARC

LEADER 00000nab a2200000 a 4500
001 vtls000219117
003 SK-MaSNL
005 20260304020212.0
008 160202c1985 xo 0 slo
015 |a SNBRB19rr/mm-uuuuu 
035 |a CL0229231 
040 |a SNKBUCL  |b slo  |c SNKBUCL  |e AACR2 
041 0 |a slo 
044 |a xo  |c SK 
080 |a 82:061.7  |2 1981 
080 |a 061.7  |2 1981 
080 |a 82  |2 1981 
080 |a 929  |2 1981 
080 |a 885.0  |2 1981 
100 1 |a Apfel, Viliam,  |d 1940-2024  |4 aut  |9 93648 
245 1 0 |a Hold dielu básnika  |c Viliam Apfel 
600 1 7 |a Nezval, Vítězslav,  |d 1900-1958  |2 snkbucl  |9 203046 
651 7 |a 5100  |2 snkbucl  |9 166206 
655 7 |a články z novín a časopisov  |2 snkbucl  |9 267496 
655 7 |a články z odboru literárna veda a krásna literatúra  |2 snkbucl  |9 770045 
773 0 |t Pravda  |g Roč. 66, č. 141 (18. 6. 1985), s. 5 
850 |a Slovenská národná knižnica v Martine  |a MTA001 
852 |a SNK  |b KIS3GCP 
958 |a RK 
958 |a CZ 
958 |a LX 
992 |a RBX 
999 |c 2597039  |d 2598969